[Event "World Junior U20 Open 2018"]
[Site "Gebze"]
[Date "2018.09.06"]
[Round "2.36"]
[White "Murzin, Volodar"]
[Black "Martinez Alcantara, Jose Eduardo"]
[Result "0-1"]
[WhiteElo "2349"]
[BlackElo "2565"]
[Annotator "TA"]
[PlyCount "160"]
[EventDate "2018.09.05"]
[EventType "swiss"]
[EventCountry "TUR"]
[SourceTitle "playchess.com"]
[Source "ChessBase"]
[SourceQuality "1"]

{[%evp 19,160,22,26,9,5,-21,-19,-13,-12,-24,-29,-37,-39,-42,-39,-22,-22,-50,-25,-39,-22,-29,-8,-25,-5,-20,0,0,6,4,25,0,0,0,0,0,0,0,0,0,0,0,0,0,0,0,0,-11,-10,-10,-15,-17,-19,-18,-18,-16,-16,-16,-20,-25,-10,-8,0,-89,-89,-89,-79,-129,-125,-125,-125,-127,-127,-115,-131,-120,-118,-139,-107,-135,-143,-164,-168,-168,-170,-175,-175,-175,-168,-175,-175,-175,-161,-175,-168,-161,-161,-175,-161,-160,-160,-175,-160,-164,-167,-161,0,-160,-160,-177,-168,-300,-292,-442,-443,-12837,-12837,-12837,-12838,-12838,-12839,-12839,-12839,-12839,-12839,-12840,-12839,-12840,-12839,-12840,-12833,-12836,-12834,-12845,-12845,-12846,-12846,-12849,-12844,-12841,0,-12849,-12849]} 1. e4 e5 2. Nf3 Nc6 3. Bc4 Bc5 4. d3 Nf6 5. O-O d6 6. c3 O-O 7. a4 a6 8. Nbd2 {C54: Giuoco Piano: 4 c3 Nf6, main lines with 5 d4 and 5 d3} (8. Re1 h6 9. h3 Re8 10. Nbd2 Be6 11. b4 Bxc4 12. Nxc4 Ba7 13. Qc2 d5 14. Ne3 Bxe3 15. Bxe3 Qd7 {1-0 (44) Vachier Lagrave,M (2789)-Kramnik,V (2792) Paris 2018}) 8... Ba7 9. Re1 Ne7 10. Nf1 Ng6 {LiveBook: 7 Games} 11. Be3 Bxe3 12. fxe3 (12. Nxe3 {looks sharper.} c6 13. Bb3 Re8 14. g3 h6 15. Nd2) 12... c6 13. Ng3 $146 ({Predecessor:} 13. Bb3 Re8 14. Ng3 d5 15. exd5 cxd5 {0-1 (27) Yanjindulam,D (2113)-Batchimeg,T (2403) Dadal 2017}) 13... d5 14. exd5 cxd5 15. Ba2 Be6 16. d4 e4 17. Nd2 $1 b5 18. Bb3 Rb8 19. axb5 axb5 20. Qe2 Qd6 21. Nh5 Nxh5 22. Qxh5 f5 23. g3 Rfc8 24. Qe2 Qb6 25. Ra2 Ra8 26. Rea1 Rxa2 27. Rxa2 Nf8 28. Qf1 h6 29. Qa1 b4 30. Ra5 bxc3 31. bxc3 Qd6 32. Ra7 Nd7 33. Qa5 Nf6 34. Ra6 Rc6 35. Rxc6 Qxc6 36. Ba4 Qc8 37. Bb5 Kh7 38. Nf1 Bf7 39. Be2 Qb7 {White should prevent ...Qb2.} 40. Qb5 Qc8 41. Qc5 (41. Qa5 $11) 41... Qa8 $17 42. Qc7 Bg6 $36 {[%mdl 2048] Black is really pushing.} 43. Qb6 Qa2 44. Bd1 Qa1 45. Qb3 {[#]} Be8 $1 46. h3 Qa6 47. Qb2 Bb5 48. Qf2 Qc8 49. Qe1 g5 50. Be2 Bxe2 51. Qxe2 Qxc3 52. Qf2 Kg6 53. Kg2 Qc1 54. Qe2 Qa1 55. Qd2 Qa4 56. Kg1 Ne8 57. Qc1 Qc4 58. Qd2 Qd3 59. Qa2 Nf6 60. Qf2 Qd1 61. Kg2 Nh5 62. Nh2 Nf6 63. Nf1 Ne8 64. Nh2 Nd6 65. Qa2 {[#]} (65. Nf1 $142) 65... f4 $1 $19 {[%cal Rf4f3][%mdl 512]} 66. gxf4 (66. exf4 {only move.} gxf4 67. gxf4 Qxd4 68. Qa8) 66... Nf5 67. Ng4 {[#]} (67. Qf2 $142 gxf4 68. Qxf4 Qe2+ 69. Kg1 Qxe3+ 70. Qxe3 Nxe3 71. Kf2) 67... Nxe3+ $1 {[%mdl 512]} 68. Nxe3 Qf3+ 69. Kh2 Qxf4+ 70. Kg2 Qf3+ 71. Kh2 Qxe3 72. Qxd5 {[%mdl 4096] Endgame KQ-KQ} Qf2+ 73. Kh1 Qf1+ 74. Kh2 Qf4+ 75. Kg2 Kh5 76. Qe6 Qf3+ 77. Kh2 e3 {[%cal Be4e3,Be3e2][%mdl 32]} 78. Kg1 Qf2+ 79. Kh1 Qf3+ 80. Kg1 e2 {Precision: White = 48%, Black = 71%.} 0-1

[Event "World Junior U20 Open 2018"]
[Site "Gebze"]
[Date "2018.09.06"]
[Round "2.37"]
[White "Repka, Christopher"]
[Black "Amartuvshin, Ganzorig"]
[Result "0-1"]
[WhiteElo "2523"]
[BlackElo "2280"]
[Annotator "ChessBase"]
[PlyCount "75"]
[EventDate "2018.09.05"]
[EventType "swiss"]
[EventCountry "TUR"]
[SourceTitle "playchess.com"]
[Source "ChessBase"]
[SourceQuality "1"]
[TimeControl "40/5400+30:1800+30"]

1. d4 {[%emt 0:01:30]} Nf6 {[%emt 0:00:30]} 2. c4 {[%emt 0:00:30]} g6 {[%emt 0:00:30]} 3. Nc3 {[%emt 0:00:30]} Bg7 {[%emt 0:00:30]} 4. e4 {[%emt 0:00:30]} d6 {[%emt 0:00:30]} 5. h3 {[%emt 0:00:30]} O-O {[%emt 0:00:00]} 6. Be3 {[%emt 0:00:00]} e5 {[%emt 0:00:00]} 7. d5 {[%emt 0:00:00]} a5 {[%emt 0:00:30]} 8. g4 {[%emt 0:00:30]} Na6 {[%emt 0:00:00]} 9. Nge2 {[%emt 0:00:00]} h5 {[%emt 0:05:00]} 10. f3 {[%emt 0:00:00]} Nc5 {[%emt 0:01:30]} 11. Qd2 {[%emt 0:05:30]} Nh7 {[%emt 0:02:30]} 12. Bg2 {[%emt 0:09:30]} f5 {[%emt 0:08:30]} 13. O-O-O {[%emt 0:02:30]} fxg4 {[%emt 0:15:30]} 14. hxg4 {[%emt 0:01:30]} hxg4 {[%emt 0:09:30]} 15. f4 {[%emt 0:05:30]} Bd7 {[%emt 0:07:30]} 16. Rh2 {[%emt 0:12:30]} g3 {[%emt 0:10:30]} 17. Nxg3 {[%emt 0:00:30]} exf4 {[%emt 0:02:30]} 18. Bxf4 {[%emt 0:00:00]} Rxf4 {[%emt 0:00:30]} 19. Qxf4 {[%emt 0:00:00]} Be5 {[%emt 0:00:30]} 20. Qh6 {[%emt 0:02:30]} Qg5+ {[%emt 0:00:30]} 21. Kc2 {[%emt 0:08:30]} Qxh6 {[%emt 0:00:30]} 22. Rxh6 {[%emt 0:00:30]} Kg7 {[%emt 0:00:30]} 23. Rdh1 {[%emt 0:04:30]} Ng5 {[%emt 0:00:30]} 24. Nf1 {[%emt 0:02:30]} Rf8 {[%emt 0:01:30]} 25. Nd1 {[%emt 0:00:00]} a4 {[%emt 0:05:30]} 26. R6h4 {[%emt 0:09:00]} a3 {[%emt 0:00:30]} 27. b3 {[%emt 0:01:30]} b5 {[%emt 0:06:30]} 28. Nd2 {[%emt 0:03:30]} Bg3 {[%emt 0:00:30]} 29. cxb5 {[%emt 0:06:30]} Bxh4 {[%emt 0:00:30]} 30. Rxh4 {[%emt 0:00:30]} Bxb5 {[%emt 0:00:30]} 31. Nc4 {[%emt 0:01:30]} Bxc4 {[%emt 0:03:19]} 32. bxc4 {[%emt 0:00:30]} Nf7 {[%emt 0:00:10]} 33. Rh3 {[%emt 0:01:30]} Ra8 {[%emt 0:01:14]} 34. Nc3 {[%emt 0:06:09]} Ne5 {[%emt 0:00:30]} 35. Nb5 {[%emt 0:00:30]} Rf8 {[%emt 0:00:18]} 36. Rg3 {[%emt 0:06:22]} Rf2+ {[%emt 0:01:31]} 37. Kc3 {[%emt 0:00:07]} Rxa2 {[%emt 0:02:11]} 38. Nxc7 {[%emt 0:00:05]} 0-1

[Event "World Junior U20 Open 2018"]
[Site "Gebze"]
[Date "2018.09.06"]
[Round "2.38"]
[White "Sanal, Vahap"]
[Black "Garidmagnai, Byambasuren"]
[Result "1/2-1/2"]
[WhiteElo "2502"]
[BlackElo "2287"]
[Annotator "RC"]
[PlyCount "126"]
[EventDate "2018.09.05"]
[EventType "swiss"]
[EventCountry "TUR"]
[SourceTitle "playchess.com"]
[Source "ChessBase"]
[SourceQuality "1"]
[TimeControl "40/5400+30:1800+30"]

1. Nf3 {[%emt 0:00:30]} Nf6 {[%emt 0:00:30]} 2. g3 {[%emt 0:00:00]} g6 {[%emt 0:00:00]} 3. b3 {[%emt 0:01:00]} d6 {[%emt 0:00:00]} 4. d4 {[%emt 0:00:30]} Bg7 {[%emt 0:00:30]} 5. Bb2 {[%emt 0:00:30]} O-O {[%emt 0:00:30]} 6. Bg2 {[%emt 0:00:30]} Nbd7 {[%emt 0:00:30]} 7. O-O {[%emt 0:00:00]} e5 {[%emt 0:00:30]} 8. dxe5 {[%emt 0:00:00]} Ng4 {[%emt 0:00:30]} 9. Qd2 {[%emt 0:00:00]} Ngxe5 {[%emt 0:00:30]} 10. c4 {[%emt 0:00:00]} Nxf3+ {[%emt 0:07:30]} 11. Bxf3 {[%emt 0:00:00]} Bxb2 {[%emt 0:00:30]} 12. Qxb2 {[%emt 0:00:00]} Qf6 {[%emt 0:00:30]} 13. Nc3 {[%emt 0:13:30]} a5 {[%emt 0:04:30]} 14. Qd2 {[%emt 0:01:30]} Nc5 {[%emt 0:02:30]} 15. Nd5 {[%emt 0:00:30]} Qd8 {[%emt 0:00:30]} 16. Qc3 {[%emt 0:07:30]} f5 {[%emt 0:06:30]} 17. h4 {[%emt 0:05:30]} Ne6 {[%emt 0:02:30]} 18. e3 {[%emt 0:01:30]} c6 {[%emt 0:08:30]} 19. Nf4 {[%emt 0:00:30]} Qf6 {[%emt 0:01:30]} 20. Qd2 {[%emt 0:01:30]} Nxf4 {[%emt 0:03:30]} 21. exf4 {[%emt 0:01:30]} Rd8 {[%emt 0:00:00]} 22. Rae1 {[%emt 0:12:30]} Be6 {[%emt 0:05:00]} 23. Qe3 {[%emt 0:00:30]} Bf7 {[%emt 0:00:30]} 24. Qe7 {[%emt 0:01:30]} Qxe7 {[%emt 0:00:30]} 25. Rxe7 {[%emt 0:00:30]} Rab8 {[%emt 0:00:00]} 26. Rd1 {[%emt 0:00:30]} Kg7 {[%emt 0:13:00]} 27. Rc7 {[%emt 0:01:30]} Kf6 {[%emt 0:01:30]} 28. Kf1 {[%emt 0:01:30]} h5 {[%emt 0:02:30]} 29. Rd2 {[%emt 0:02:30]} Be6 {[%emt 0:02:30]} 30. Ke1 {[%emt 0:01:30]} a4 {[%emt 0:01:30]} 31. Kd1 {[%emt 0:01:30]} a3 {[%emt 0:06:30]} 32. Kc2 {[%emt 0:20:30]} b5 {[%emt 0:11:08]} 33. Rxc6 {[%emt 0:07:29]} bxc4 {[%emt 0:00:10]} 34. bxc4 {[%emt 0:00:11]} Rb2+ {[%emt 0:01:39]} 35. Kc3 {[%emt 0:00:06]} Rxd2 {[%emt 0:00:00]} 36. Kxd2 {[%emt 0:00:05]} Rb8 {[%emt 0:00:00]} 37. Kc3 {[%emt 0:04:04]} Rb2 {[%emt 0:03:18]} 38. Rxd6 {[%emt 0:01:44]} Ke7 {[%emt 0:00:03]} 39. Rd3 {[%emt 0:07:43]} Rxa2 {[%emt 0:00:46]} 40. Re3 {[%emt 0:00:00]} Kd7 {[%emt 0:00:00]} 41. Kb4 {[%emt 0:09:08]} Rc2 {[%emt 0:07:56]} 42. Bc6+ {[%emt 0:03:30]} Kd6 {[%emt 0:03:30]} 43. c5+ {[%emt 0:03:30]} Kxc6 {[%emt 0:02:30]} 44. Rxe6+ {[%emt 0:00:30]} Kd5 {[%emt 0:00:00]} 45. Re5+ {[%emt 0:15:18]} Kd4 {[%emt 0:00:00]} 46. Kxa3 {[%emt 0:00:53]} Rxc5 {[%emt 0:01:30]} 47. Re6 {[%emt 0:00:43]} Rc2 {[%emt 0:00:30]} 48. Rxg6 {[%emt 0:01:52]} Rxf2 {[%emt 0:00:30]} 49. Rg5 {[%emt 0:00:00]} Ke4 {[%emt 0:00:30]} 50. Kb3 {[%emt 0:00:00]} Rg2 {[%emt 0:02:30]} 51. Kc3 {[%emt 0:00:38]} Rg1 {[%emt 0:01:30]} 52. Kd2 {[%emt 0:02:12]} Rg2+ {[%emt 0:02:30]} 53. Kc3 {[%emt 0:00:30]} Rg1 {[%emt 0:00:00]} 54. Kc4 {[%emt 0:00:29]} Rc1+ {[%emt 0:00:00]} 55. Kb5 {[%emt 0:00:40]} Kf3 {[%emt 0:00:30]} 56. Kb4 {[%emt 0:00:01]} Rc2 {[%emt 0:00:00]} 57. Kb5 {[%emt 0:01:03]} Rc1 {[%emt 0:00:00]} 58. Kb6 {[%emt 0:00:00]} Rc2 {[%emt 0:00:30]} 59. Rxh5 {[%emt 0:00:21]} Kxg3 {[%emt 0:00:00]} 60. Rxf5 {[%emt 0:00:30]} Kxh4 {[%emt 0:00:00]} 61. Rc5 {[%emt 0:00:30]} Rxc5 {[%emt 0:00:30]} 62. Kxc5 {[%emt 0:00:30]} Kg4 {[%emt 0:00:30]} 63. Kb5 {[%emt 0:00:00]} Kxf4 {[%emt 0:00:00]} 1/2-1/2

[Event "World Junior U20 Open 2018"]
[Site "Gebze"]
[Date "2018.09.06"]
[Round "2.39"]
[White "Thybo, Jesper Sondergaard"]
[Black "Nogerbek, Kazybek"]
[Result "1/2-1/2"]
[WhiteElo "2499"]
[BlackElo "2261"]
[Annotator "TA"]
[PlyCount "87"]
[EventDate "2018.09.05"]
[EventType "swiss"]
[EventCountry "TUR"]
[SourceTitle "playchess.com"]
[Source "ChessBase"]
[SourceQuality "1"]

{[%evp 25,87,16,16,0,0,0,0,0,33,0,44,0,18,23,22,5,10,0,0,0,10,0,3,8,0,-66,-69,-72,-59,-66,-75,-64,-75,-52,-29,-38,-43,-29,-10,-32,-14,-29,-22,-50,-42,-46,-34,-29,-28,-31,-33,-38,-46,-43,-36,-27,-29,-22,0,0,0,0,0,-11]} 1. d4 Nf6 2. c4 e6 3. Nf3 d5 4. g3 Be7 5. Bg2 O-O 6. O-O dxc4 7. Qc2 a6 8. a4 Bd7 9. Rd1 {E05: Open Catalan: 5 Nf3 Be7} Bc6 10. Bg5 Nbd7 (10... b5 11. Bxf6 Bxf6 12. Nc3 Qe8 13. e4 g6 14. h4 Nd7 15. axb5 axb5 16. Rxa8 Qxa8 {½-½ (26) Mamedyarov,S (2808)-So,W (2778) Stavanger 2018}) 11. Nbd2 h6 12. Bxf6 Nxf6 13. Nxc4 Be4 {LiveBook: 5 Games} 14. Qc1 {[#]} Rc8 $146 ({Predecessor:} 14... Bd6 15. Nfd2 Bxg2 16. Kxg2 Bb4 {½-½ (30) Zherebukh,Y (2640)-Onischuk,A (2672) Saint Louis 2018}) 15. Nfe5 Bxg2 16. Kxg2 Bd6 17. Nd3 Qe7 18. Rd2 Rfd8 19. Rc2 Qf8 20. Na5 Rb8 $1 21. Qe3 c6 22. Qf3 Nd5 23. Nb3 Nb4 24. Nxb4 Bxb4 25. a5 (25. e3 $11) 25... Rd5 $15 26. Ra4 Rbd8 27. Rc4 Rb5 28. Qe4 Be7 29. Qc2 e5 30. dxe5 Rxe5 31. Nc1 Red5 32. Nd3 Qe8 33. Ra1 Qd7 34. b4 Rd4 35. Kg1 Qe6 36. Rxd4 Rxd4 37. Rb1 Qe4 38. Qb2 h5 39. Nc5 Qd5 40. Qb3 Qxb3 41. Rxb3 Bxc5 {The position is equal.} 42. bxc5 Rc4 43. Rxb7 {Black must now prevent Rb6.} Rxc5 44. Rb6 {Precision: White = 54%, Black = 60%.} 1/2-1/2

[Event "World Junior U20 Open 2018"]
[Site "Gebze"]
[Date "2018.09.06"]
[Round "2.40"]
[White "Kevlishvili, Robby"]
[Black "Vanczak, Tamas"]
[Result "1-0"]
[WhiteElo "2485"]
[BlackElo "2276"]
[Annotator "TA"]
[PlyCount "205"]
[EventDate "2018.09.05"]
[EventType "swiss"]
[EventCountry "TUR"]
[SourceTitle "playchess.com"]
[Source "ChessBase"]
[SourceQuality "1"]

{[%evp 31,205,38,42,18,20,0,82,70,83,53,124,120,135,134,140,136,139,111,193,152,151,143,161,152,168,163,245,243,231,130,295,300,281,236,326,187,314,350,304,293,297,179,325,350,343,331,329,168,309,283,242,0,0,0,291,206,172,0,126,125,125,125,131,105,299,125,168,134,156,118,118,118,170,106,106,73,73,78,125,125,125,119,119,119,119,119,119,112,119,119,125,125,125,66,66,66,66,66,79,56,63,56,63,63,63,56,63,63,63,0,63,63,63,63,63,63,63,63,63,63,63,63,63,63,63,63,63,63,66,66,70,66,66,66,66,66,244,66,442,435,12836,12836,12836,12837,12837,12835,12835,555,12837,12837,12838,12838,12838,12838,12838,12837,12837,12837,12837,12831,12839,12831,12838,12839,12839,12835,12832,12833,12832,1785,1535,1411,1043,376,12844,12844]} 1. e4 e5 2. Nf3 Nc6 3. Bb5 a6 4. Ba4 Nf6 5. O-O Be7 6. Re1 b5 7. Bb3 d6 8. c3 O-O 9. h3 Nb8 10. d4 Nbd7 11. Nbd2 Bb7 12. Bc2 Re8 13. a4 c5 14. d5 c4 {C95: Closed Ruy Lopez: Breyer Variation with 10 d4} 15. b4 cxb3 16. Nxb3 Qc7 {LiveBook: 32 Games. White is slightly better.} 17. Be3 {[#]} Rec8 $146 ({Predecessor:} 17... Nb6 18. Nbd2 Nfd7 19. axb5 {½-½ (19) Areshchenko,A (2678)-Efimenko,Z (2651) Rivne 2016}) 18. Bd3 Qb8 (18... Qxc3 19. Qb1 $14) (18... Nb6 $1 $11 {keeps the balance.}) 19. axb5 $16 axb5 20. Bd2 (20. Bxb5 $6 Bxd5 21. Bxd7 Bxb3 $11) 20... Nc5 (20... Ra4 $14) 21. Nxc5 $1 Rxc5 22. Qb3 Rxa1 23. Rxa1 Qc8 24. Ra5 Bd8 (24... Bxd5 $16 25. exd5 e4) 25. Rxb5 Rxb5 26. Qxb5 Nd7 27. Be3 h6 28. Nd2 Bg5 (28... h5 {was worth a try.} 29. Bf1 Bc7) 29. Bxg5 $18 hxg5 30. Nb3 ({White should play} 30. Nc4 $18 Ba6 31. Qc6 Qxc6 32. dxc6) 30... Qxc3 $2 (30... Qc7 $16 31. Qa5 Qxa5 32. Nxa5 Nc5) 31. Qxd7 (31. Qxb7 Qxd3 32. Qxd7 Qxb3 $14) 31... Qxb3 32. Bf1 (32. Qxd6 $6 Qxd3 33. Qb8+ Kh7 $16) 32... Qb4 33. Qe8+ Kh7 34. Qxf7 Qb1 {intending ...Ba6.} 35. Qh5+ Kg8 36. Qe8+ (36. Qxg5 Ba6 $14) 36... Kh7 37. Qb8 Qb4 38. g3 Qb6 39. Bg2 (39. Qf8 $142) 39... Qb1+ (39... Qb4 {is a better defense.} 40. Kh2 Qb6) 40. Kh2 $1 Qb6 41. Kg1 Qb1+ $1 42. Bf1 Qb6 $1 43. Qe8 Qb1 44. Qh5+ Kg8 45. Qe2 $1 ({Of course not} 45. Qxg5 $6 Ba6 $11) 45... Bc8 46. Kg2 Bd7 47. Qc4 g6 $2 (47... Kf7 $16 48. Bd3 Qb6) 48. Kh2 (48. Qc7 $1 $18 {[%cal Rc7d8] is the precise move to win.} Qxe4+ 49. Kh2) 48... Qe1 49. Bg2 Kf7 50. Qc7 Ke7 51. Qa7 {And now Bf3 would win.} Qe2 (51... Qd2 $16 52. Bf3 Qd4 53. Qxd4 exd4) 52. Qb6 (52. f3 $1 $18) 52... Qd2 $16 53. Bf1 Qe1 {[#]} 54. Bd3 $1 Qd1 55. Qe3 Kf6 56. Be2 Qe1 57. Qf3+ Ke7 58. Kg2 Qc1 59. Bd1 Qd2 60. Qb3 Qe1 61. Bf3 Qc1 62. Bg4 (62. Qb7 $16 Qc8 63. Qa7) 62... Bxg4 $14 63. hxg4 {[%mdl 4096] Endgame KQ-KQ} Qe1 64. Qc2 {Hoping for Qc7+.} Kf6 65. Kf3 Qf1 66. Qd2 Kf7 67. Qb4 Ke7 68. Ke3 Qd1 69. Qc4 {aiming for Qc7+.} Kf6 70. Qe2 (70. Qd3 $14 Qxg4 71. Qc2) 70... Qa1 ({Black should try} 70... Qc1+ $1 $11 71. Qd2 Qc8) 71. Qd2 Qf1 72. Qd3 Qe1+ 73. Kf3 Qh1+ 74. Ke2 Qc1 75. Qa6 Qc2+ 76. Kf3 Ke7 77. Qb6 Qc4 78. Qe3 Kf6 79. Qe2 Qa4 80. Qd3 Ke7 81. Qc3 {Black must now prevent Qc1.} Kd7 82. Qc1 Qb3+ 83. Kg2 Qb4 $2 {[#]} ({Better is} 83... Qa4 $14) 84. Kh2 $2 ({Weaker is} 84. Qxg5 Qxe4+ 85. Kh2 Qf3 $11) ({White must play} 84. Qc6+ $1 $18 Ke7 85. Qc7+ Ke8 86. Qc8+ Kf7 87. Qe6+ Kg7 88. Qd7+ Kh8 89. Qe8+ Kg7 90. Qe7+ Kg8 91. Qe8+ (91. Qxg5 Qxe4+ 92. f3 Qe2+ 93. Kh3 Kf7 $11) 91... Kg7 92. Qe7+ Kg8 93. Qe8+ (93. Qxg5 Qxe4+ 94. f3 Qe2+ 95. Kh3 Qf1+ 96. Kh2 Qe2+ 97. Kh3 Qf1+ 98. Kh2 Qe2+ 99. Kg1 Qxf3 $11) 93... Kg7) 84... Qxe4 $2 {[%mdl 8192]} (84... Qb6 $14) 85. Qc6+ $1 $18 Ke7 (85... Kd8 $142 86. Qxd6+ Kc8 87. Qe6+ Kb7 88. Qd7+ Kb8 89. Qd8+ Kb7 90. Qd7+ Kb8 91. Qd8+ Kb7 92. Qd7+) 86. Qc7+ Ke8 87. Qxd6 Qd4 88. Qxg6+ Kd7 89. Qf7+ (89. Qc6+ $142 Kd8 90. Kg1) 89... Kd8 90. Kg2 Qe4+ 91. Qf3 Qd4 92. Qf6+ Kd7 93. Qc6+ Ke7 94. Qe6+ Kd8 95. Kg1 Qe4 96. Qd6+ Ke8 97. Qc6+ Kd8 98. Qa8+ Kd7 99. Qb7+ Kd8 100. Qb8+ (100. Qf7 $142 Qxg4 101. Qf6+ Kd7 102. Qc6+ Ke7 103. Qc7+ Kf6 104. Qd6+ Kf7 105. Qxe5) 100... Kd7 101. Qb5+ Kd8 102. d6 $2 (102. Qb6+ Kc8 103. Qe6+ Kd8 104. Qg8+ Kc7 105. Qxg5 Qxd5 106. Qe7+ Kc8 107. g5) 102... Qxg4 $2 (102... Qe1+ 103. Kg2 Qe4+ 104. Kg1 Qe1+ 105. Kg2 Qe4+ 106. Kh2 Qe1 107. Qb8+ Kd7 108. Qc7+ Ke6 109. Qe7+ Kd5) 103. Qa5+ {Precision: White = 53%, Black = 44%.} 1-0

[Event "World Junior U20 Open 2018"]
[Site "Gebze"]
[Date "2018.09.06"]
[Round "2.41"]
[White "Tutisani, Noe"]
[Black "Samani, Yamac"]
[Result "1/2-1/2"]
[WhiteElo "2471"]
[BlackElo "2226"]
[Annotator "TA"]
[PlyCount "68"]
[EventDate "2018.09.05"]
[EventType "swiss"]
[EventCountry "TUR"]
[SourceTitle "playchess.com"]
[Source "ChessBase"]
[SourceQuality "1"]

{[%evp 28,68,0,0,0,0,0,0,0,-6,0,0,0,0,8,-41,-41,-42,-40,-41,-44,-41,-41,-44,-41,-60,-36,-119,-118,-116,-118,-118,-96,-130,-130,-123,-123,-122,0,-108,0,-123,0]} 1. e4 c5 2. Nf3 Nc6 3. d4 cxd4 4. Nxd4 g6 5. c4 Nf6 6. Nc3 d6 7. Be2 Nxd4 8. Qxd4 Bg7 9. Bg5 O-O 10. Qd2 a5 {B36: Sicilian: Maroczy Bind: Gurgenidze System} 11. O-O a4 12. Rfd1 Qa5 13. Rac1 Be6 14. f3 Rfc8 15. Nb5 {LiveBook: 3 Games} Qxd2 16. Rxd2 Kf8 17. Be3 Nd7 18. Nd4 $146 ({Predecessor:} 18. Kf2 Nc5 19. Bf1 {0-1 (54) Duncan,C (2245)-Melkumyan,H (2633) London 2016}) 18... Nc5 19. Nxe6+ fxe6 20. Rb1 Ra6 21. b4 axb3 $1 22. axb3 Ra3 23. Bd1 Rca8 24. Kf2 Bc3 25. Rc2 Bb4 26. Ke2 Ra1 27. Rbb2 ({White should try} 27. Rxa1 $15 Rxa1 28. Bd2 Bxd2 29. Rxd2) 27... e5 $17 28. Bd2 Bxd2 29. Rxd2 Ne6 30. Kd3 Rc1 31. Rbc2 Rb1 32. Rb2 Rc1 {And now ...Nf4+ would win.} 33. Rbc2 Rb1 34. Rb2 Rc1 {Precision: White = 50%, Black = 64%.} (34... Rba1 $17 35. Ke3 Nd4) 1/2-1/2

[Event "World Junior U20 Open 2018"]
[Site "Gebze"]
[Date "2018.09.06"]
[Round "2.42"]
[White "Lodici, Lorenzo"]
[Black "Rodrigue-Lemieux, Shawn"]
[Result "1-0"]
[WhiteElo "2458"]
[BlackElo "2250"]
[Annotator "TA"]
[PlyCount "61"]
[EventDate "2018.09.05"]
[EventType "swiss"]
[EventCountry "TUR"]
[SourceTitle "playchess.com"]
[Source "ChessBase"]
[SourceQuality "1"]

{[%evp 11,61,31,37,34,40,29,30,45,98,56,139,132,166,185,172,97,110,61,66,72,95,93,80,87,81,109,273,213,644,625,698,722,714,706,699,678,939,934,1055,854,839,842,811,714,838,831,971,956,1051,973,1704,1531]} 1. d4 Nf6 2. c4 e6 3. Nc3 Bb4 4. f3 Nc6 5. e4 d5 6. e5 {E20: Nimzo-Indian: 4 g3 and 4 f3} (6. cxd5 exd5 7. e5 Ng8 8. Be3 Nge7 9. f4 O-O 10. Nf3 Na5 11. Bd3 Nc4 12. Qe2 Nxe3 13. Qxe3 {½-½ (67) Timofeev,A (2640)-Kovalenko,I (2611) Vladivostok 2012}) 6... Ng8 {LiveBook: 15 Games} 7. cxd5 Qxd5 8. a3 {White is slightly better.} Bxc3+ 9. bxc3 Bd7 $146 (9... f6 $14) ({Predecessor:} 9... Nge7 10. Bd3 b6 11. Be3 a5 12. Ne2 Ba6 13. Bxa6 Rxa6 {1-0 (57) Surinya,T (1837)-Kabai,Z (1856) Budapest 2007}) 10. Bd3 O-O-O ({Better is} 10... f6 $14) 11. Rb1 $16 f6 12. Rb5 Qa2 {[#]} 13. Rb2 (13. Ne2 $1 $18) 13... Qd5 14. exf6 Nxf6 {White should prevent ...e5.} 15. Ne2 $36 {[%mdl 2048] White has strong initiative.} e5 {[%cal Re5d4]} 16. c4 Qa5+ 17. Bd2 Qxa3 {[#]} 18. Qb1 $1 Kb8 $2 (18... e4 $16 {keeps fighting.} 19. fxe4 Bg4) 19. d5 ({Much less strong is} 19. Rxb7+ $6 Ka8 $16) 19... Nd4 $2 (19... b6) 20. Bb4 $18 {White is clearly winning.} ({Weaker is} 20. Rxb7+ Ka8 $16) 20... Qa6 21. Ra2 Ba4 22. Nxd4 exd4 23. O-O c5 24. Bxc5 Rc8 25. Qb4 Rxc5 26. Qxc5 Nd7 27. Qxd4 Qa5 28. Bc2 Nc5 29. Bxa4 Nxa4 30. c5 Nc3 31. Qe5+ {Precision: White = 70%, Black = 18%.} 1-0

[Event "World Junior U20 Open 2018"]
[Site "Gebze"]
[Date "2018.09.06"]
[Round "2.43"]
[White "Batsuren, Dambasuren"]
[Black "Cirovic, Miroljub"]
[Result "1-0"]
[WhiteElo "2446"]
[BlackElo "2181"]
[Annotator "TA"]
[PlyCount "81"]
[EventDate "2018.09.05"]
[EventType "swiss"]
[EventCountry "TUR"]
[SourceTitle "playchess.com"]
[Source "ChessBase"]
[SourceQuality "1"]

{[%evp 11,81,24,33,18,24,20,44,18,31,0,27,12,19,8,8,8,20,10,8,0,0,0,6,4,12,20,11,-17,37,28,55,47,56,54,54,64,107,107,112,112,109,103,136,95,79,73,83,71,63,54,64,56,82,110,199,221,248,227,221,169,250,160,162,167,241,242,341,345,428,422,999,1032]} 1. d4 Nf6 2. c4 e6 3. Nf3 b6 4. a3 Ba6 5. Qc2 Bb7 6. Nc3 c5 {LiveBook: 1384 Games. E12: Queen's Indian: Unusual White 4th moves, 4 a3, 4 Nc3 Bb7 5 a3 and 4 Nc3 Bb7} 7. Bf4 (7. e4 cxd4 8. Nxd4 Bc5 9. Nf3 Ng4 10. Nd1 Qf6 11. Rb1 Qg6 12. Bd3 Nf6 13. Ng5 Ng4 14. b4 Be7 15. h4 Nc6 16. Ne3 Nge5 {0-1 (28) Duda,J (2717)-Korobov,A (2652) Riadh 2017}) 7... cxd4 8. Nxd4 a6 {The position is equal.} 9. Rd1 $146 ({Predecessor:} 9. e4 d6 10. Nf3 Nbd7 11. b4 Be7 12. Be2 O-O 13. O-O Qc7 14. Rac1 {0-1 (40) Messner,H-Kunz,K (2250) Boeblingen 1996}) 9... d6 {Black wants to play ...e5.} 10. Bg3 Qc7 11. e4 Be7 12. Be2 O-O 13. O-O Nbd7 14. Qb1 Nc5 {[%cal Rf6e4]} 15. Bf3 Ncd7 16. Rc1 Rac8 17. Rfd1 Rfd8 18. Be2 Qb8 19. b4 Qa8 ({Better is} 19... Ne5 $11) 20. f3 $14 Ne5 21. Qb3 Nh5 22. Bf2 Nf4 23. Bf1 Rd7 24. Na4 Bd8 25. Ne2 Nxe2+ 26. Bxe2 d5 27. cxd5 ({But not} 27. Bxb6 $6 dxc4 28. Qe3 Bc6 $14) 27... Rxc1 28. Rxc1 exd5 29. Nxb6 Bxb6 30. Bxb6 {Black must now prevent exd5.} dxe4 31. fxe4 Bxe4 32. Qc3 Nc6 (32... f6 $16) 33. Qc4 $18 Qe8 34. Qxa6 h6 35. Bf1 Rd2 (35... Kh7 {was worth a try.} 36. Bf2 Rd2) 36. Re1 {[#] Qc4 is the strong threat.} f5 37. Qc4+ Kh8 (37... Kh7 {is a better defense.}) 38. Qc3 Ra2 (38... Qd7 $142 39. b5 Nd4) 39. b5 Ne5 {next ...Qg6 is good for Black.} 40. Bd4 Nf3+ {[#]} (40... Rc2 $142) 41. Qxf3 $1 {[%mdl 512] Precision: White = 63%, Black = 49%.} 1-0